| 000 | 02706nam a2200481Ii 4500 | ||
|---|---|---|---|
| 001 | 9781787698390 | ||
| 003 | UtOrBLW | ||
| 005 | 20210303084814.0 | ||
| 006 | m o d | ||
| 007 | cr un||||||||| | ||
| 008 | 191219t20192019enk ob 001 0 eng d | ||
| 020 | _a9781787698390 | ||
| 040 |
_aUtOrBLW _beng _erda _cUtOrBLW |
||
| 043 |
_ae------ _ae-uk--- |
||
| 050 | 4 |
_aJZ6009.E85 _bP35 2019 |
|
| 072 | 7 |
_aPOL012000 _2bisacsh |
|
| 072 | 7 |
_aJPSN2 _2bicssc |
|
| 080 | _a327.5 | ||
| 082 | 0 | 4 |
_a355/.03304 _223 |
| 100 | 1 |
_aPaladini, Stefania, _eauthor. |
|
| 245 | 1 | 0 |
_aEuropean security in a post-Brexit world / _cStefania Paladini (Birmingham City Business School, UK), Ignazio Castellucci (University of Teramo, Italy). |
| 264 | 1 | _bEmerald Publishing Limited, | |
| 300 | _a1 online resource (viii, 152 pages). | ||
| 490 | 1 | _aBrexit studies series | |
| 500 | _aIncludes index. | ||
| 504 | _aIncludes bibliographical references. | ||
| 505 | 0 | _aChapter 1. Introduction -- Chapter 2. Legal framework of EU security and law enforcement -- Chapter 3. The EU agencies and other European security-related institutions and arrangements -- Chapter 4. What lies ahead: a post-Brexit scenario analysis -- Conclusions. | |
| 520 | _aThe European Union's security strongly relies on the member states' capabilities of working together, sharing information and cooperating on issues of common interest. Security against transnational threats and challenges is better and more easily protected within a cooperative framework. With Brexit affecting all dimensions of UK and EU public life, this book creates a comprehensive insight into the complex issues facing security in a series of post-Brexit scenarios. Topics discussed include: Legal frameworks Law Enforcement and EUROPOL Internal Security Intelligence Agencies Information Systems and Sharing The Irish Land Border. European Security in a Post-Brexit World is a useful read for any academic researcher, student or practitioner working in the areas of Security, Criminology and Brexit Studies. | ||
| 588 | 0 | _aPrint version record. | |
| 650 | 0 |
_aSecurity, International _zEuropean Union countries. |
|
| 610 | 2 | 0 | _aEuropean Union. |
| 610 | 2 | 0 |
_aEuropean Union _zGreat Britain. |
| 650 | 7 |
_aPolitical Science, Security (National & International). _2bisacsh |
|
| 650 | 7 |
_aEU & European institutions. _2bicssc |
|
| 700 | 1 |
_aCastellucci, Ignazio, _eauthor. |
|
| 776 | _z9781787698383 | ||
| 830 | 0 | _aBrexit studies series. | |
| 856 | 4 | 0 | _uhttps://doi.org/10.1108/9781787698376 |
| 999 |
_c29629 _d29629 |
||